000 00655nam a2200181 i 4500
001 98027
003 ES-MaACL
005 20230906182213.0
007 t|
008 050721s1928 mx ||||1| spa d
100 1 _aMarquina, Ignacio.
_977046
245 1 0 _aEstudio arquitectónico comparativo de los monumentos arqueológicos de México /
_cpor Ignacio Marquina.
260 _aMéxico :
_b[s.n.],
_c1928 (
_fTalleres Gráficos)
300 _a86 p. ;
_c31 cm.
500 _aContribución de México al XXIII Congreso de americanistas.
711 2 _aCongreso Internacional de Americanistas (
_n23º.
_d1928.
_cNew York)
_9405
852 _aES-MaACL
_jF-14521
999 _c98027
_d98027